00000000nam 2200000za 4500
0019.635935
003CaOODSP
00520210921101636
007cr |||||||||||
008150407|2008||||xxc|||||o    f|0| 0 fre d
020 |a978-1-100-90333-0
040 |aCaOODSP|bfre
043 |an-cn---
0861 |aIu20-1/2008F-PDF
1101 |aCanada. |bBureau de la consommation.
24510|aGuide du consommateur canadien 2008-2009 |h[ressource électronique]
260 |aOttawa - Ontario : |bIndustrie Canada. |c[2008].
300 |a99p.|bill. en couleur
5203 |aContient des renseignements et des conseils pour aider les consommateurs à prendre des décisions éclairées, à se protéger contre des marchands peu scrupuleux et à mieux connaître leurs droits sur le marché. En outre, vous y trouverez, à des fins de suivi, les coordonnées de personnes-ressources dans chaque sphère de compétences.
590 |a09-10|b2009-03-06
69107|aProtection du consommateur|2gcpds
77508|tCanadian consumer handbook 2008-2009 |w(CaOODSP)9.691609
7760#|tCanadian consumer handbook 2008-2009 / |w(CaOODSP)9.671687
7760#|tGuide du consommateur canadien 2008-2009 / |w(CaOODSP)9.671688
795 |tGuide du consommateur canadien 2007 |w(CaOODSP)9.633802
85640|ahttp://publications.gc.ca|qPDF|s1106 Ko|uhttps://publications.gc.ca/collections/collection_2009/ic/Iu20-1-2008F.pdf